| 000 | 00918nam a2200193 a 4500 | ||
|---|---|---|---|
| 001 | 001117090 | ||
| 003 | AM-YeHGA | ||
| 005 | 20250617151849.0 | ||
| 008 | 151130s1971 ru r 000 0 rus d | ||
| 040 | _aAM-YeHGA | ||
| 041 | 0 | _arus | |
| 245 | 0 | 0 |
_aПалинологические исслежования в Белоруссии и других районах СССР / _cБелорусский научно-исслед. геологоразведочный ин-т; Отв. ред. В.К. Голубцов. |
| 260 |
_aМинск : _bНаука и техника, _c1971. |
||
| 300 |
_a220 с. : _b[21] л. ил. |
||
| 653 | 0 | _aГеология - Палинология - Стратиграфия | |
| 700 | 1 |
_aГолубцов, В.К. _eред. _4edt |
|
| 710 | 2 | _aБелорусский научно-исследовательский геологоразведочный институт | |
| 090 | _c361227 | ||
| 999 |
_c359400 _d359400 |
||